Top 15 landen met Covid-19 sterfgevallen - 8 juli - Statistieken

Algemene statistieken
  • Deze quiz is 3 keer genomen
  • De gemiddelde score is 16 van 19
Antwoordstatistieken
land % Correct
België
100%
Brazilië
100%
Canada
100%
Chili
100%
Duitsland
100%
Ierland
100%
India
100%
Italië
100%
Nederland
100%
Rusland
100%
Spanje
100%
Verenigde Staten
100%
Verenigd Koninkrijk
100%
Zweden
100%
Frankrijk
67%
Mexico
67%
Ecuador
33%
Iran
33%
Peru
33%
Geen overeenkomende quizzen gevonden
Scoreverdeling
Procent van Mensen met Elke Score
Percentiel versus Aantal Correcte Antwoorden
Uw Scoregeschiedenis
U heeft deze quiz nog niet genomen